Past and Present X-Men Quiz Stats

 Plays Quiz Updated Oct 14, 2016

Score 0/217 Timer 20:00
7 Plays Today
Group Team Member % Correct
1970s RecruitsWolverine
96.3%
Original X-MenCyclops
95%
Original X-MenProfessor X
93.7%
Original X-MenMarvel Girl
92.1%
Generation XM
92%
1970s RecruitsStorm
91.9%
Original X-MenBeast
91.7%
Original X-MenIceman
88.8%
1980s RecruitsMagneto
87.2%
1980s RecruitsRogue
84.5%
Original X-MenAngel
84.2%
1970s RecruitsNightcrawler
83.5%
XI - Special ClassAngel
82.1%
1970s RecruitsColossus
79.5%
1990s RecruitsGambit
79.3%
1980s RecruitsShadowcat
76.4%
X-FactorMystique
75.5%
1960s RecruitsHavok
74.6%
1980s RecruitsPhoenix
73.9%
Muir Island X-MenSiryn
73.8%
1970s RecruitsBanshee
73.5%
1990s RecruitsJubilee
73.1%
X-ForceCable
70.7%
Generation XWhite Queen
69.5%
1980s RecruitsPsylocke
67.1%
1990s RecruitsBishop
66%
X-FactorSabretooth
65.2%
2000s RecruitsJuggernaut
64.3%
Uncanny X-ForceDeadpool
64.1%
1960s RecruitsPolaris
63.6%
X-FactorQuicksilver
62.4%
New MutantsCannonball
61.4%
1970s RecruitsSunfire
59.3%
New MutantsSunspot
59.1%
1980s RecruitsDazzler
58.4%
1970s RecruitsThunderbird
57%
X-Treme X-MenThunderbird
56.7%
1980s RecruitsForge
56.5%
Muir Island X-MenMultiple Man
56.1%
1970s Recruits (Deadly Genesis)Darwin
56%
New MutantsWolfsbane
55.7%
Muir Island X-MenDaytripper
54.7%
X-ForceDomino
54.6%
1960s RecruitsMimic
54.4%
New MutantsMagik
54.4%
New X-ForceX-23
54.4%
X-ForceWarpath
53.3%
ExcaliburCaptain Britain
52.8%
1980s RecruitsLongshot
51.6%
New MutantsMagma
51.4%
X-TerminatorsBoom Boom
50%
New MutantsMirage
49.9%
New MutantsX-Man
49.8%
New MutantsCypher
49%
1990s RecruitsMarrow
48.5%
Generation XHusk
48.5%
New MutantsWarlock
48.2%
X-FactorStrong Guy
48.1%
1960s RecruitsChangeling
47.9%
1980s RecruitsLockheed
47.8%
1970s Recruits (Deadly Genesis)Vulcan
47.5%
Muir Island X-MenMoira MacTaggert
46.8%
Dark X-MenNamor the Sub-Mariner
46.2%
Generation XBlink
45.9%
Eve of DestructionNorthstar
45.9%
New MutantsKarma
45.4%
The LightsHope Summers
45.2%
Generation XChamber
45%
X-ForceShatterstar
44.5%
XI - ParagonsPixie
44.5%
X-TerminatorsLeech
43.7%
Dark X-MenOmega
43.5%
XI - HellionsHellion
42.7%
Group Team Member % Correct
Muir Island X-MenLegion
42.7%
X-TerminatorsRictor
42.5%
Street TeamFantomex
41.9%
XI - HellionsDust
41.5%
XI - PaladinsArmor
41.5%
ExcaliburMeggan
41.4%
Dark X-MenCloak
41%
Dark X-MenDagger
40.9%
X-ForceFeral
40.2%
X-ForceCaliban
39.7%
XI - Special ClassBeak
39.7%
Generation XSkin
39.6%
2000s RecruitsShen Xorn
39.7%
2000s RecruitsKuan-Yin Xorn
39.6%
XI - HellionsRockslide
39.2%
1990s RecruitsMaggott
38.9%
XI - CorsairsThe Three-In-One
38.9%
1970s Recruits (Deadly Genesis)Petra
38.8%
XI - Omega GangKid Omega
38.5%
2000s RecruitsAurora
38.4%
Genoshan ExcaliburBlack Beast
38.3%
1970s Recruits (Deadly Genesis)Sway
38.1%
Genoshan ExcaliburCallisto
38%
1990s RecruitsJoseph
37.6%
2000s RecruitsEsme Cuckoo
36.7%
2000s RecruitsDanger
36.6%
XI - New MutantsElixir
36.6%
Dark X-MenDaken
36.4%
X-TerminatorsArtie
36.3%
X-ClubDoctor Nemesis
36.3%
2000s RecruitsSophie Cuckoo
35.8%
X-Treme X-MenSage
35.7%
X-TerminatorsSkids
35.6%
1990s RecruitsDr. Reyes
35.3%
ExcaliburPete Wisdom
35.1%
X-TerminatorsFirefist
34.7%
XI - Alpha SquadAnole
34.5%
X-Treme X-MenLifeguard
34.4%
X-FactorWild Child
34.2%
XI - HellionsMercury
34.1%
New X-ForceHepzibah
33.7%
X-ClubBox
33.6%
XI - New MutantsSurge
33.4%
1990s RecruitsRevanche
33.2%
X-Treme X-MenSlipstream
31.5%
X-FactorShard
31.2%
XI - New MutantsProdigy
31.1%
Generation XPenance
31%
2000s RecruitsLady Mastermind
30.9%
2000s RecruitsStacy X
30.9%
Young X-MenInk
30.7%
Genoshan ExcaliburOmega Sentinel
30.7%
Generation XSynch
30.7%
X-Factor InvestigationsButterfly
30.4%
Generation XMondo
30.3%
Uncanny X-ForceDeathlok
30.3%
X-FactorRandom
30.3%
XI - Special ClassNo-Girl
30%
Eve of DestructionFrenzy
29.7%
Young X-MenCipher
29.6%
X-FactorVal Cooper
29.2%
The LightsOya
29.2%
New X-ForceVanisher
29%
X-ForceCopycat
28.9%
Eve of DestructionSunpyre
29%
X-ClubDr. Kavita Rao
29%
Young X-MenBlindfold
28.9%
XI - New MutantsIcarus
28.6%
XI - ChevaliersBling!
28.5%
2000s RecruitsAriel
28.2%
Muir Island X-MenSunder
28%
XI - New MutantsWallflower
27.8%
Young X-MenGraymalkin
27.8%
Group Team Member % Correct
The LightsZero
27.8%
ExcaliburWidget
27.6%
XI - ParagonsWolf Cub
27.5%
New ExcaliburNocturne
27.4%
XI - Omega GangGlob Herman
27.4%
The LightsVelocidad
27%
ExcaliburKylun
27%
X-TerminatorsWiz Kid
26.9%
Excalibur: Sword of PowerBlack Knight
26.9%
XI - New MutantsWither
26.4%
ExcaliburCerise
26.2%
XI - New MutantsWind Dancer
26.2%
ExcaliburMicromax
26%
The LightsTransonic
25.8%
The LightsPrimal
25.6%
XI - Storm's SquadGentle
25.6%
XI - HellionsTag
25%
X-CorporationEmpath
25%
XI - ChevaliersOnyxx
24.9%
Muir Island X-MenTom Corsi
24.8%
XI - ParagonsMatch
24.7%
XI - Special ClassErnst
24.6%
XI - Omega GangTattoo
24.6%
Eve of DestructionWraith
24.5%
Excalibur: Sword of PowerCaptain UK
24.5%
XI - Alpha SquadLoa
24.3%
X-CorporationDarkstar
24.2%
X-ForceBedlam
24.1%
XI - CorsairsQuill
23.9%
X-ForceLila Cheney
23.9%
Eve of DestructionOmerta
23.5%
Street TeamForearm
23.4%
XI - ParagonsTrance
23.3%
XI - Alpha SquadIndra
23.2%
ExcaliburFeron
23.2%
X-FactorFixx
22.9%
Generation XGaia
22.9%
XI - PaladinsWing
22.8%
Muir Island X-MenSharon Friedlander
22.7%
X-FactorArcher
22.3%
XI - ParagonsDJ
21.9%
2000s RecruitsDiamond Lil
21.8%
X-CorporationSabra
21.8%
XI - Special ClassBasilisk
21.7%
X-FactorGreystone
21.7%
X-CorporationThornn
21.5%
XI - Omega GangRedneck
21.5%
Street TeamLongneck
21.4%
Muir Island X-MenAlysande Stuart
21.3%
X-CorporationRisque
20.1%
Excalibur: Sword of PowerCrusader X
19.8%
XI - Special ClassDummy
19.8%
Street TeamChoir
19.5%
2000s RecruitsCrosta
19.5%
XI - Alpha SquadRubbermaid
19.3%
Excalibur: Sword of PowerSir Benedict
19.1%
X-ClubDr. Yuriko Takiguchi
18.5%
XI - Omega GangRadian
18.5%
Genoshan ExcaliburFreakshow
18.4%
Genoshan ExcaliburWicked
18.4%
XI - ParagonsPreview
18%
XI - CorsairsDryad
17.9%
XI - ChevaliersRain Boy
17.6%
XI - Alpha SquadNetwork
17.6%
X-CorporationVange Whedon
17.3%
X-CorporationSkitz
17.3%
XI - CorsairsSpecter
17.1%
XI - ChevaliersFlubber
17%
Genoshan ExcaliburShola Inkosi
16.8%
X-CorporationStringfellow
16.5%
XI - Alpha SquadKidogo
16.5%

You're not logged in!

Compare scores with friends on all Sporcle quizzes.
OR
Log In

You Might Also Like...

Show Comments

Extras

Top Quizzes Today


Score Distribution

Your Account Isn't Verified!

In order to create a playlist on Sporcle, you need to verify the email address you used during registration. Go to your Sporcle Settings to finish the process.

Report this User

Report this user for behavior that violates our Community Guidelines.

Details: